00741cam a22002171 450000100060000000300080000600500170001400800390003103500190007003500180008904000430010704100080015008200200015810000370017824500680021526000500028330000440033350400600037765100350043765100510047227433BD-RjUL20211209051144.0140325s1950 enkabc b 001 0 eng a(BD-RjUL)27507 a(OCoLC)545071 aDLCcOKentUdNNdUkdDLCdBD-RjULbeng aeng a972.9bWIS 19501 aWiseman, H. V.q(Herbert Victor)12aA short history of the British West Indies /cby H. V. Wiseman. aLondon :bUniversity of London Press,cc1950. a159 p. :billus., ports., map ;c20 cm. aIncludes bibliographical references (p. 154) and index. 0aWest Indies, BritishxHistory. 0aWest Indies, BritishxPolitics and government.